| 000 | 00856nam a2200277 4500 | ||
|---|---|---|---|
| 001 | 42322 | ||
| 010 | _a9789898297495 | ||
| 021 | _b352142/12 | ||
| 090 | _a42322 | ||
| 100 | _a20140903d2013 m y0pory50030103ba | ||
| 101 | 1 | _apor | |
| 102 | _aPT | ||
| 200 | 1 |
_aComo realizar apresentacões de sucesso _fAndrew Bradbury _gtrad. Paula Alexandra _grev. Magnetic |
|
| 205 | _a1.ª ed. | ||
| 210 | 9 |
_aCarnaxide _cSmartbook, _d2013 |
|
| 215 |
_a174, [3] p. _cil. _d22 cm |
||
| 225 | 2 | _aCriando sucesso | |
| 304 | _aTít. orig.: Successful presentation skills | ||
| 675 |
_a808.5(035) _vBN _zpor |
||
| 675 |
_a316.77(035) _vBN _zpor |
||
| 700 | 1 |
_aBradbury, _bAndrew |
|
| 702 | 1 |
_aAlexandra, _bPaula _4730 |
|
| 712 | 0 | 2 | _aMagnetic |
| 801 | 0 |
_aPT _bBN _gRPC |
|
| 856 | 4 | 1 | _uhttp://rnod.bnportugal.gov.pt/ImagesBN/winlibimg.aspx?skey=&doc=1882909&img=48171&save=true |
| 990 | _cLIVROS | ||